Almanaque del Diario de Manila para el año del señor 1897 / (Record no. 2649)

MARC details
000 -LEADER
campo de control de longitud fija 00661nas a2200217 i 4500
001 - NÚMERO DE CONTROL
campo de control 2649
003 - IDENTIFICADOR DE NÚMERO DE CONTROL
campo de control ES-MaACL
005 - FECHA Y HORA DE LA ÚLTIMA TRANSACCIÓN
campo de control 20250709062527.0
007 - CAMPO FIJO DE DESCRIPCIÓN FÍSICA--INFORMACIÓN GENERAL
campo de control de longitud fija t|
008 - DATOS DE LONGITUD FIJA--INFORMACIÓN GENERAL
campo de control de longitud fija 950801c1896 phl | | 1 ||pa d
080 ## - NÚMERO DE LA CLASIFICACIÓN DECIMAL UNIVERSAL
Número de la Clasificación Decimal Universal (059)
245 00 - MENCIÓN DEL TÍTULO
Título Almanaque del Diario de Manila para el año del señor 1897 /
Mención de responsabilidad, etc. redactado por un prebendado de la santa iglesia metropolitana de Manila.
260 ## - PUBLICACIÓN, DISTRIBUCIÓN, ETC.
Lugar de publicación, distribución, etc. Manila :
Nombre del editor, distribuidor, etc. [s.n.],
Fecha de publicación, distribución, etc. 1896 (
Fabricante Est. tipo-litográfico de Ramírez)
300 ## - DESCRIPCIÓN FÍSICA
Extensión [50] p. ;
Dimensiones 21 cm.
310 ## - PERIODICIDAD ACTUAL
Periodicidad actual Anual
500 ## - NOTA GENERAL
Nota general En la cubierta: año 19º.
852 ## - LOCALIZACIÓN
Ubicación ES-MaACL
Número de control de estantería T-750-F-4
866 #0 - MENCIÓN TEXTUAL DE FONDOS--UNIDAD BIBLIOGRÁFICA BÁSICA
Fondos 1897.
942 ## - ELEMENTOS DE ENTRADA SECUNDARIOS (KOHA)
Fuente del sistema de clasificación o colocación Clasificación decimal universal
Tipo de ítem Koha Revista
Holdings
Estatus retirado Estado de pérdida Fuente del sistema de clasificación o colocación Estado de daño No para préstamo Colección Biblioteca de origen Biblioteca actual Ubicación en estantería Fecha de adquisición Total de préstamos Signatura topográfica completa Código de barras Visto por última vez Precio de reemplazo Tipo de ítem Koha
    Clasificación decimal universal     Periódicos y Revistas Biblioteca del Ateneo de Madrid Biblioteca del Ateneo de Madrid Depósito folletos 17/01/2008   T-750-F-4 1002694 23/02/2023 23/02/2023 Revista